| 000 | 00840cad a22002175a 4500 | ||
|---|---|---|---|
| 001 | E153144 | ||
| 008 | 110524e20110610xxka f s000 0 eng d | ||
| 035 | _a(Sirsi) u153144 | ||
| 041 | 0 | _aeng | |
| 100 | 1 | _aCook, Graeme | |
| 245 | 0 | 4 |
_aEnvironment _bsubject profile _h[electronic resource] |
| 260 |
_aEdinburgh _bScottish Parliament _c2011 |
||
| 490 | 0 |
_aSPICe Briefing _v(11/41) 10 June 2011 |
|
| 520 | _aLooks at legislation and policies related to the environment in Scotland, including climate change, water, land use, waste and environmental assessment. | ||
| 521 | _aAdvanced | ||
| 590 | _aKA | ||
| 651 | 4 |
_aScotland _y1999- |
|
| 690 |
_aEnvironment _96238 |
||
| 856 | 4 | 0 |
_uhttps://www.scottish.parliament.uk/business/research/briefings-11/SB11-41.pdf _zView the briefing free of charge at www.scottish.parliament.uk |
| 942 | _n0 | ||
| 999 |
_c112396 _d112396 |
||